000
00345nam a2200145Ia 4500
008
221030s9999 xx 000 0 und d
041
_a
English
082
_a
105.23
_b
Kot
100
_a
R. K. Kotnala
245
0
_a
Elements of Electronic Instrumentation
260
_b
Laxmi Pub
_a
New Delhi
_c
1995
300
_a
726
650
_a
ECE
942
_c
BK
999
_c
1661
_d
1661